[Event "IRI-ch U16"]
[Site "Chess.com INT"]
[Date "2021.01.16"]
[Round "7"]
[White "Khazaei, Parviz"]
[Black "Nosratizadeh, Reza"]
[Result "1-0"]
[WhiteElo "2156"]
[BlackElo "1767"]
[PlyCount "57"]
[EventDate "2021.01.16"]
[EventType "swiss"]
[EventRounds "11"]
[EventCountry "IRI"]
[SourceTitle "EXT 2022"]
[Source "ChessBase"]
[SourceDate "2021.10.06"]
[SourceVersion "1"]
[SourceVersionDate "2021.10.06"]
[SourceQuality "1"]

1. e4 e5 2. Nf3 Nc6 3. Bb5 a6 4. Ba4 Nf6 5. 0-0 b5 6. Bb3 Bc5 7. c3 d6 8. d4 Bb6 9. a4 Rb8 10. a5 Ba7 11. h3 h6 12. Be3 exd4 13. cxd4 0-0 14. Nc3 Re8 15. Re1 b4 16. Nd5 Bd7 17. Nxf6+ Qxf6 18. d5 Bxe3 19. dxc6 Bxc6 20. Rxe3 Bxe4 21. Qe2 Bc6 22. Qc2 Rxe3 23. fxe3 Bxf3 24. Rf1 Qe7 25. Rxf3 Rf8 26. Qc4 Qe5 27. Rxf7 Qxe3+ 28. Kh1 Qe8 29. Re7+ 1-0

[Event "IRI-ch U16"]
[Site "Chess.com INT"]
[Date "2021.01.16"]
[Round "2"]
[White "Niromand, Mohammad Ebrahim"]
[Black "Nosratizadeh, Reza"]
[Result "0-1"]
[WhiteElo "1437"]
[BlackElo "1767"]
[PlyCount "140"]
[EventDate "2021.01.16"]
[EventType "swiss"]
[EventRounds "11"]
[EventCountry "IRI"]
[SourceTitle "EXT 2022"]
[Source "ChessBase"]
[SourceDate "2021.10.06"]
[SourceVersion "1"]
[SourceVersionDate "2021.10.06"]
[SourceQuality "1"]

1. e4 e5 2. Nf3 Nc6 3. Nc3 Nf6 4. Bb5 Bb4 5. 0-0 d6 6. d4 exd4 7. Nxd4 Bd7 8. Nf5 0-0 9. Bg5 Bxc3 10. bxc3 Ne5 11. Bxd7 Nexd7 12. Qd4 Qe8 13. Rae1 Qe5 14. f4 Qxd4+ 15. cxd4 Rfe8 16. Bxf6 Nxf6 17. e5 dxe5 18. fxe5 Nd5 19. c4 Nb6 20. Ne3 Rad8 21. Rd1 f6 22. Ng4 Nxc4 23. exf6 Rf8 24. f7+ Rxf7 25. Rxf7 Kxf7 26. Rc1 b5 27. Ne5+ Nxe5 28. dxe5 Rd7 29. Rc5 a6 30. Rc6 Re7 31. Rxa6 Rxe5 32. Ra7 Rc5 33. Kf2 Rc4 34. Rb7 Rc2+ 35. Kf3 Rc5 36. g4 Ke6 37. h3 g5 38. Ke4 h6 39. Ra7 Rc4+ 40. Kd3 Kd5 41. Ra5 c6 42. Ra8 Kc5 43. Rh8 Rd4+ 44. Kc2 Rd6 45. Rf8 Re6 46. Rf5+ Kb6 47. Kc3 Re3+ 48. Kd4 Rxh3 49. Re5 Rg3 50. Re4 Rg2 51. Ke5 Rxa2 52. Kf6 Ra4 53. Re1 Rxg4 54. Kg6 Rh4 55. Kf5 g4 56. Kf4 h5 57. Rc1 Rh3 58. Rb1 g3 59. Kf3 h4 60. Kg2 Rh2+ 61. Kg1 c5 62. Rb3 c4 63. Rb1 Kc5 64. Rc1 b4 65. Rb1 b3 66. Rc1 b2 67. Rb1 c3 68. Rf1 Rf2 69. Re1 c2 70. Re5+ Kd4 0-1